E-business essentials / (رقم التسجيلة. 31382)
[ عرض عادي ]
| 000 -الفاتح | |
|---|---|
| حقل البيانات ثابتة الطول | 01452nam a2200241 a 4500 |
| 001 - رقم الضبط | |
| رقم الضبط | ASIN0749435275 |
| 003 - محدد رقم الضبط | |
| رقم الضبط | OSt |
| 005 - وقت وتاريخ اخر تعامل مع التسجيلة | |
| رقم الضبط | 20150408114143.0 |
| 008 - عناصر البيانات ثابتة الطول - معلومات عامة | |
| حقل البيانات ثابتة الطول | 131021s2001 xxu eng d |
| 020 ## - الرقم الدولى المعيارى للكتب | |
| الرقم الدولى المعيارى للكتاب | 9788175541825 |
| 040 ## - مصدر الفهرسة | |
| وكالة الفهرسة الأصلية | Ma-Un |
| 082 04 - رقم تصنيف ديوى العشرى | |
| رقم التصنيف | 658.054678 |
| 100 1# - المدخل الرئيسى - إسم شخصى | |
| الإسم الشخصى | Haig, Matt. |
| 9 (RLIN) | 38322 |
| 245 10 - بيان العنوان | |
| العنوان | E-business essentials / |
| بيان المسئوليه,etc | Matt Haig. |
| 260 ## - PUBLICATION, DISTRIBUTION, ETC. (IMPRINT) | |
| مكان الناشر او الموزع | New Delhi : |
| اسم الناشر او الموزع | Kogan Page Ltd, |
| تاريخ النشر أو التوزيع | 2005. |
| 300 ## - الوصف المادى | |
| التعداد | 122 p. ; |
| أبعاد الوعاء | 22 cm. |
| 490 1# - بيان السلسلة | |
| عنوان السلسلة | Creating success. |
| 520 ## - التبصرة الخاصة بالتعليق أو التلخيص | |
| ملخص,الخ | Few can afford to ignore the impact of the Internet on business; a Web site is no longer an optional extra. Today every business is expected to have a Web site and keep intouch via e-mail, in addition to informing and interacting with its on-line customers. "E-Business Essentials" aims to provide you with the knowledge necessary to make a success of your e-business activity, whether purely online or as support to your offline business. Accessible advice is given on a range of topics including: understanding the Internet; creating your Web site; making money online; customer service online; choosing the right search engine; building your e-brand. Whether you are a 'net novice or a veteran, this practical guide provides the information that helps you to capitalise on the unique characteristics of the Internet and harness its power. |
| 650 #0 - المدخل الاضافى بالموضوع-مصطلح موضوعى | |
| مصطلح موضوعي أو اسم جغرافي كعنصر مدخل | Electronic commerce |
| 650 #0 - المدخل الاضافى بالموضوع-مصطلح موضوعى | |
| مصطلح موضوعي أو اسم جغرافي كعنصر مدخل | Internet |
| 830 #0 - المدخل الاضافى بالسلسلة -عنوان موحد | |
| عنوان موحد | Creating success. |
| 9 (RLIN) | 38323 |
| 942 ## - عناصر المدخل الإضافي( كوها) | |
| مصدر التصنيف او مخطط الترفيف | Dewey Decimal Classification |
| Koha [default] item type | كتاب |
| حالة الفقد | نموذج السعر الفعال | حالة تلف | ليس للاعارة | رقم الطلب | رقم النسخة | تاريخ الاكتساب | الموقع الحالي | الباركود | الفرع الرئيسي | Date last seen | نوع المادة فى نظام كوها | مصدر التصنيف او خطة الترفيف | Total Checkouts |
|---|---|---|---|---|---|---|---|---|---|---|---|---|---|
| 2013-10-26 | 658.054678 HME | n1 | 2013-10-26 | المكتبة المركزية بالمجمعة (CL) | 00451686 | المكتبة المركزية بالمجمعة (CL) | 2013-10-26 | كتاب | Dewey Decimal Classification | ||||
| 2013-10-26 | Not For Loan | 658.054678 HME | n2 | 2013-10-26 | المكتبة المركزية بالمجمعة (CL) | 00451688 | المكتبة المركزية بالمجمعة (CL) | 2013-10-26 | كتاب | Dewey Decimal Classification | |||
| 2013-10-26 | 658.054678 HME | n1 | 2013-10-26 | مكتبة مجمع الكليات بالزلفى - طلاب (SZM) | 00451687 | مكتبة مجمع الكليات بالزلفى - طلاب (SZM) | 2013-10-26 | كتاب | Dewey Decimal Classification | ||||
| 2013-10-26 | Not For Loan | 658.054678 HME | n2 | 2013-10-26 | مكتبة مجمع الكليات بالزلفى - طلاب (SZM) | 00451689 | مكتبة مجمع الكليات بالزلفى - طلاب (SZM) | 2013-10-26 | كتاب | Dewey Decimal Classification |
